=LDR 00000nam 2200000 4500 =001 INLIS000000000022120 =005 20130612120917 =008 ***********************************Ind** =035 ##$$0010-061300000022120 =041 ##$$a Ind =082 ##$$a 370.11 =090 ##$$a 370.11, Gha n =100 ##$$a Ghoni, Muhammad Djunaidi =245 ##$$a Nilai pendidikan, Ghoni, Muhammad Djunaidi Ghoni =260 ##$$a 1982 $b Surabaya =300 ##$$a vii, 79 hlm, 21 cm =650 ##$$a Pendidikan =850 ##$$a NBPNMAT